书目信息 |
| 题名: |
马克思主义文化理论发展重大问题研究
|
|
| 作者: | 周向军 , 施秀莉 著 | |
| 分册: | ||
| 出版信息: | 济南 山东人民出版社 2022.05 |
|
| 页数: | 32, 631页 | |
| 开本: | 24cm | |
| 丛书名: | 马克思主义文化理论发展研究丛书 | |
| 单 册: | ||
| 中图分类: | A811.67 | |
| 科图分类: | ||
| 主题词: | 马克思主义--ma ke si zhu yi--文化理论--研究 | |
| 电子资源: | ||
| ISBN: | 978-7-209-13602-0 | |
| 000 | 01413nam 2200289 450 | |
| 001 | CAL 004314174 | |
| 005 | 20230307184459.01 | |
| 010 | @a978-7-209-13602-0@dCNY110.00 | |
| 100 | @a20220813d2022 em y0chiy0120 ea | |
| 101 | 0 | @achi |
| 102 | @aCN@b370000 | |
| 105 | @aa a 000yy | |
| 106 | @ar | |
| 200 | 1 | @a马克思主义文化理论发展重大问题研究@Ama ke si zhu yi wen hua li lun fa zhan zhong da wen ti yan jiu@f周向军, 施秀莉等著 |
| 210 | @a济南@c山东人民出版社@d2022.05 | |
| 215 | @a32, 631页@c图@d24cm | |
| 225 | 2 | @a马克思主义文化理论发展研究丛书@Ama ke si zhu yi wen hua li lun fa zhan yan jiu cong shu |
| 300 | @a教育部哲学社会科学研究重大课题攻关项目“马克思主义文化理论发展研究”标志性阶段成果 | |
| 320 | @a有书目 (第617-629页) | |
| 330 | @a本书主要是从马克思主义文化理论发展视域, 集中探讨当代文化发展中的重大理论和实践问题。主要包括: 社会主义核心价值观问题研究 ; 当代中国文化创新问题研究 ; 传统文化的现代化转换问题研究 ; 当代文化发展重大关系问题研究 ; 当代文化发展中的文化融合与冲突问题研究 ; 中国特色社会主义文化形态问题研究 ; 社会主义国家执政党文化领导权问题研究 ; 提升国家文化软实力问题研究, 等等。 | |
| 410 | 0 | @12001 @a马克思主义文化理论发展研究丛书 |
| 606 | 0 | @a马克思主义@Ama ke si zhu yi@x文化理论@x研究 |
| 690 | @aA811.67@v5 | |
| 701 | 0 | @a周向军@Azhou xiang jun@4著 |
| 701 | 0 | @a施秀莉@Ashi xiu li@4著 |
| 801 | 0 | @aCN@bBJXHZP@c20230228 |
| 905 | @b1387791-3@dA811.67@e464@f3 | |
| 马克思主义文化理论发展重大问题研究/周向军, 施秀莉等著.-济南:山东人民出版社,2022.05 |
| 32, 631页:图;24cm.-(马克思主义文化理论发展研究丛书) |
| 教育部哲学社会科学研究重大课题攻关项目“马克思主义文化理论发展研究”标志性阶段成果 |
| ISBN 978-7-209-13602-0:CNY110.00 |
| 本书主要是从马克思主义文化理论发展视域, 集中探讨当代文化发展中的重大理论和实践问题。主要包括: 社会主义核心价值观问题研究 ; 当代中国文化创新问题研究 ; 传统文化的现代化转换问题研究 ; 当代文化发展重大关系问题研究 ; 当代文化发展中的文化融合与冲突问题研究 ; 中国特色社会主义文化形态问题研究 ; 社会主义国家执政党文化领导权问题研究 ; 提升国家文化软实力问题研究, 等等。 |
| ● |
| 相关链接 |
|
|
|
|
正题名:马克思主义文化理论发展重大问题研究
索取号:A811.67/464
 
预约/预借
| 序号 | 登录号 | 条形码 | 馆藏地/架位号 | 状态 | 备注 |
| 1 | 1387791 | 213877919 | 第一样本阅览室/ [索取号:A811.67/464] | 在馆 | |
| 2 | 1387792 | 213877928 | 第一借阅区/ [索取号:A811.67/464] | 在馆 | |
| 3 | 1387793 | 213877937 | 第一借阅区/ [索取号:A811.67/464] | 在馆 |